000 00451nam a22001697a 4500
005 20251108172830.0
008 250721s2003 xx 000 0 eng d
082 1 4 _a005.43/ MUR
100 1 _amurray, kathrine
245 1 0 _afaster smarter microsoft office xp /
264 1 _anew delhi :
_bprentice-hall of india,
_c2003.
300 _a350 P
650 1 7 _aOPERATING SYSTEMS
650 1 7 _aWINDOWS (SOFT WARE)
942 _2ddc
_cBK
999 _c89565
_d89565